Makroekonomické aspekty trhu práce

Európa v posledných rokoch bojuje s nedostatočným ekonomickým rastom, ktorý jej zabraňuje v ekonomickom dobiehaní USA a Japonska. Dôležitou sa stáva cesta inovácií, podpory vedy, výskumu a vzdelávania. Trh práce bude musieť byť plne integrovaný a bude musieť zabezpečiť prístup naň pre všetkých občan...

Descripción completa

Guardado en:
Detalles Bibliográficos
Autor principal: Koóšová, Miriam
Formato: Capítulo de libro
Lenguaje:eslovaco
Materias:
Etiquetas: Agregar Etiqueta
Sin Etiquetas, Sea el primero en etiquetar este registro!

MARC

LEADER 00000nla$a2200000$$$4500
001 0066327
005 20240502071803.7
041 0 |a slo 
044 |a SK 
245 1 0 |a Makroekonomické aspekty trhu práce  |c Miriam Koóšová 
520 |a Európa v posledných rokoch bojuje s nedostatočným ekonomickým rastom, ktorý jej zabraňuje v ekonomickom dobiehaní USA a Japonska. Dôležitou sa stáva cesta inovácií, podpory vedy, výskumu a vzdelávania. Trh práce bude musieť byť plne integrovaný a bude musieť zabezpečiť prístup naň pre všetkých občanov. Prioritami sú rôzne formy dočasného zamestnávania, zamestnávanie žien, migrantov, starších ľudí, ale aj mladých a dať im možnosť prácu si udržať. Rozvíjať by sa mal sektor služieb. 
610 2 0 |a trh práce 
610 2 0 |a zamestnanosť 
610 2 0 |a nezamestnanosť 
610 2 0 |a vzdelanie 
610 2 0 |a vzdelávanie 
610 2 0 |a výskum 
610 2 0 |a služby 
610 2 0 |a sily pracovné 
610 2 0 |a integrácia ekonomická 
610 2 0 |a globalizácia 
610 2 0 |a Európa 
610 2 0 |a USA 
100 1 |a Koóšová, Miriam